SCH: 20 sons les plus streamés sur Spotify - Statistiques

Statistiques générales
  • Ce quiz a été pris 569 fois
  • Le résultat moyen est 11 sur 20
Statistiques - réponses
Streams Réponses % Correct
14 50.8M A7
91%
1 286.8M Bande Organisée Feat hors album
89%
6 71.3M Fusil
75%
3 77M Je la connais
74%
12 53.9M Otto
72%
15 48.2M Champs Élysées
65%
2 124M Fade Up Feat hors album
65%
10 55.4M Autobahn
64%
7 69.6M Mode akimbo
58%
18 47.1M Prêt à partir
56%
8 66.6M Mayday
52%
16 47.4M Marché noir
45%
19 41.7M Le code
43%
11 53.9M Mother fuck Feat hors album
42%
4 75.2M La danse des bandits Feat hors album
40%
17 47.4M Mannschaft
40%
5 72M Le classico organisé Feat hors album
33%
20 38.8M HS Feat hors album
31%
9 59.4M 9113 Feat hors album
26%
13 51.5M International gangstas Feat hors album
5%
Aucun quiz correspondant
Distribution des résultats
% des personnes avec chaque résultat
Percentile par nombre de réponses
Votre historique - résultats
Vous n’avez pas pris ce quiz